000 00268nam a2200121Ia 4500
008 190216s9999||||xx |||||||||||||| ||und||
100 _aNull
245 0 _aHindi-Sarmarnom Ki Ganga
260 _bPragathi Prakashan
300 _a187
650 _aHindi
942 _cBK
999 _c15654
_d15654